000 00580cam a22002291 4500
001 sa 65003076
003 DLC
005 20260227112121.0
008 920218s1963 bg b 000 0 beno
010 _asa 65003076
035 _a(OCoLC)25294642
040 _aDLC
_cWaU
_dDLC
042 _apremarc
050 0 0 _aPN939
_b.S5
100 1 _aSiddikī, Āśrāpha,
_d1927-
245 1 0 _aLoka-sāhitya.
260 _c[1963]
300 _a5, 417 p.
_c22 cm.
546 _aIn Bengali.
504 _aBibliography: p. [395-399]
650 0 _aFolk literature
_xHistory and criticism.
999 _c62971
_d62971